Prénoms : du masculin au féminin 3 (mort subite) - Statistiques

Statistiques générales
  • Ce quiz a été pris 113 fois
  • Le résultat moyen est 6 sur 12
Answers on the Grid
Answers color-coded by a green-red scale on the quiz's grid according to % correct below.
Séverin
Jordan
Edgar
Nicéphore
Didier
Philémon
Gaspard
César
Harold
Benoît
René
Maurice
Léon
Maxence
Samuel
Abraham
 
Statistiques - réponses
Réponse % Correct
Séverin
85%
Léon
75%
René
72%
Maurice
58%
Jordan
49%
Philémon
42%
César
40%
Samuel
40%
Benoît
37%
Gaspard
26%
Didier
14%
Edgar
14%
Aucun quiz correspondant
Distribution des résultats
% des personnes avec chaque résultat
Percentile par nombre de réponses
Votre historique - résultats
Vous n’avez pas pris ce quiz